MDQL
is popping MORE tags! Check the
thread
!
Quizzes
Events
Quiz Creation
Community
Videos
Private Events
Remove Ads
Sign In
Join for FREE
Feedback
Dark Mode
Quiz Categories
Sports
Geography
Music
Movies
Television
Just For Fun
Miscellaneous
History
Literature
Language
Science
Gaming
Entertainment
Religion
Holiday
For Kids
Quiz Lab
Recent
Popular Today
Quiz Kudos Today
Editor Picks
Curator Picks
Quizzes by...
Day
Popularity
Type
Ratings
Length
Year
Community
Subscriptions
Recent Discussions
Orange Saloon
Badges
Playlists
Quests
Create
Leaderboards
Showdown
Live 5
Trivia Bingo
Activity
Puzzle Library
Sporcle Events
Private Events
Virtual Trivia
Globe League
Become a Host
Pub Owners
SporcleCon
Opinionation
Our Games
Videos
Blog
Mobile Apps
Partnerships
Remove Ads and Go Orange
Feedback
Geography
Country
Landmarks
City
State
Population
World
Capital
Continent
Flags
Europe
Africa
Asia
South America
North America
Oceania
Border
Canada
United Kingdom
Topography
United States
Geography
Country
Landmarks
City
State
Population
World
Capital
Continent
Flags
Europe
Africa
Asia
South America
North America
Oceania
Border
Canada
United Kingdom
Topography
United States
Random Quiz
Search Sporcle
×
Quiz Lab
Quiz Lab
Geography
Country
Type in answers that appear in a list
Type in answers that appear in a list
Classic
Best Score? Go Orange.
Country Quiz: Iran Stats
Can you name the Facts About The Country Of Iran?
By
Sepa
10m
46 Questions
630 Plays
630 Plays
630 Plays
Comments
Comments
Give Quiz Kudos
Give Quiz Kudos
-
- Ratings
hide this ad
More Info
Replay
Link that replays current quiz
Next Quiz
Link to next quiz in quiz playlist
You Got
0%
They Got
Avg Score
58%
Avg Friend Score
Upgrade to see
Score Distribution
Jump to the score distribution portion of the page
Score
0/46
Timer
10:00
0
Plays Today
Clue
Fact
% Correct
Flag Colors
Red
96.3%
Flag Colors
Green
96%
Flag Colors
White
95.7%
Internet country code
.ir
94%
Predominate religion
Shia Islam
91.9%
Capital/
Largest City
Tehran
90%
Bordering Country
Iraq
89.8%
Country formally known as
Persia
89.3%
Bordering Gulf
Persian Gulf
86.5%
Bordering Country
Afghanistan
84.6%
Bordering Country
Pakistan
82.5%
Official Country Name
Islamic Republic of Iran
81.6%
Continent
Asia
80.6%
Bordering Country
Turkey
79.2%
Nationality
Iranian
77.6%
Bordering Country
Azerbaijan
76.5%
Bordering Country
Armenia
73.4%
Age of suffrage
18
72.2%
Official language
Farsi
70.9%
Bordering Country
Turkmenistan
70.6%
Leading export
Crude Oil
67.2%
Historical war of 1980-
88 (name both countries)
Persian Gulf War I
61.8%
Bordering Sea
Caspian Sea
59.3%
Clue
Fact
% Correct
Former presidential title before 1979
Shah
52.6%
Traditional handwoven floor-
covering textile
Perisan Rug
50.9%
WWII alliance
Allied Protected
49.8%
2nd Largest City
Mashad
48.2%
Dynasty from 1925-
1979
Pahlavi Dynasty
46.7%
Current President
Mahmud Ahmadinejad
46.4%
Currency
Iranian Rial
45.6%
Network of trade routes used by ancient empires
Silk Road
45.5%
Bordering Gulf
Gulf of Oman
45%
Iran funded political-
military-
terrorist org.
Hezbollah
41.2%
Open-
market area of shops for trading/
sales
Bazaar
38.2%
Current Supreme Leader
Ayatollah Khamenei
38%
Year changed its name to Iran
1935
37.4%
Month of national holiday
April 1st, 1979
35%
Type of government
Islamic Theocratic Republic
34.5%
Next predominate language
Turkic
30.4%
Text On Flag
God is Great
29.9%
Dynasty from 1794-
1925
Qajar Dynasty
29.7%
Population in millions
67,037,517
27.8%
Largest ethnic minority
Azeri
27.2%
Symbol on Flag
Tulip
17.8%
Current potential int'l conflict
Nuclear Energy
14.3%
Name of former empire
Achaemenid Emire
14.1%
Quiz Playlist
Details
Report
Send in Message
Add To Playlist
More Info:
FOR OTHER COUNTRY AND GEOGRAPHY QUIZES, CLICK ON MY USERNAME.
Classic:
Type in answers that appear in a list
Quiz Source
Last Updated: Feb 16, 2017
Quiz Scoreboard
CHALLENGE
Sign Up to Join the Scoreboard
Show All
Scores
Hide
Comments
May contain spoilers
Recently Published
5x2 Blitz: Bands
by SL_Kpop136
Music
30s
Colored Red Africa Blitz
by spor1
Geography
30s
Find the 'City' Movie
by crazypaving
Movies
60s
More to Explore
Quiz From the Vault
Featured Blog Post
14 Easter Pick-up Lines to Find Eggs With
hide this ad
You Might Also Like...
Tags
Country Quiz
Iran
Today's Top Quizzes in Geography
Browse Geography
hide this ad
Today's Top Quizzes in Country
Browse Country
Top Contributed Quizzes in Geography
1
Colored Red Europe Blitz I
2
Countries of the World - No Outlines Minefield
3
Colored Red Africa Blitz II
4
Colored Red Europe Blitz II
5
Colored Red Europe Blitz III
6
Colored Red Africa Blitz III
7
Colored Red States Blitz I
8
Colored Red States Blitz II
9
Lietuvos savivaldybės (Lithuanian Municipalities)
10
A Different View: World Oceans
Explore More
Trending Topics
Marvel
NBA
Harry Potter
Disney
Kpop
Crossword
Anime
Pokémon
Soccer
WWE
Country
Puzzle
The Office
NFL
Song
hide this ad
More By:
Sepa
Quiz
Plays
Rating
Category
Featured
Created
Marvel Characters (A-Z)
218,226
4.22
Entertainment
May 5, 2011
Marvel: Most Published Characters 1-100
181,458
4.44
Entertainment
May 1, 2010
NBA Double-Double Averages (2000-2010)
146,213
4.30
Sports
Dec 1, 2010
DC Comics: Most Published Characters 1-100
93,406
3.97
Entertainment
Jan 3, 2011
1970s World History
91,164
4.23
History
Feb 3, 2010
Go to Creator's Profile
Score Distribution
Quiz Creator Spotlight
Sepa
Follow
Send a Message
Quizzes Created
-
Created Quiz Play Count
-
More By This Creator
Popular Quizzes Today
1
Colored Red Africa Blitz
2
Find the US States - No Outlines Minefield
3
Find the 'City' Movie
4
5x2 Blitz: Bands
5
The Countries of the World
6
Find the US States
7
US States
8
Find the Countries of Europe - No Outlines Minefield
More Geography Quizzes
Build-A-Flag
Published
Trending Quizzes
Colored Red Europe Blitz I
Colored Red Europe Blitz II
Colored Red Africa Blitz II
Colored Red Europe Blitz III
Colored Red Africa Blitz III
Recently Updated
How Do You Spell That?
pecheneg
Godzilla Movies
pecheneg
Grab Bag: 4-10 Letters
pecheneg
2024 March Madness Bracket
pecheneg
Famous TV Couples
Peacemaker
Champions League XIs: Real Madrid
pecheneg
Largest US Cities 1790-2010
pecheneg
Rides in Walt Disney World
pecheneg
Most Oscar Losses (Acting)
pecheneg
Beyoncé Albums
pecheneg
Trending Topics
NBA
Anime
Marvel
Harry Potter
Crossword
Disney
Kpop
Pokémon
WWE
Puzzle
Soccer
Country
NFL
Song
The Office
Your Account Isn't Verified!
In order to create a playlist on Sporcle, you need to verify the email address you used during registration. Go to your
Sporcle Settings
to finish the process.
Report this User
Report this user for behavior that violates our
Community Guidelines
.
Details:
Send Report
Go to the Sporcle.com Mobile Site →
Comments